[Event "New York op"]
[Site "New York"]
[Date "1990.??.??"]
[Round "1"]
[White "Popovych, Orest"]
[Black "Wolff, Patrick G"]
[Result "0-1"]
[WhiteElo "2275"]
[BlackElo "2500"]

1.e4 c5 2.Nf3 e6 3.d4 cxd4 4.Nxd4 Nc6 5.Nc3 Qc7 6.g3 a6 7.Bg2 d6 8.O-O Be7
9.Re1 Bd7 10.Nxc6 Bxc6 11.a4 Nf6 12.a5 O-O 13.Be3 Nd7 14.Na4 Rae8 15.Nb6 f5
16.Nxd7 Qxd7 17.Qd3 fxe4 18.Bxe4 Bxe4 19.Qxe4 d5 20.Qd3 Qc6 21.Bd4 Bd6 22.Be5 Bc5
23.Re2 Rf5 24.Bd4 Bxd4 25.Qxd4 e5 26.Qa4 e4 27.Ra3 Re6 28.Qxc6 bxc6 29.f3 Rfe5
30.Rae3 Kf7 31.b4 Kf6 32.fxe4 Rxe4 33.Rxe4 dxe4 34.Kf2 Ke5 35.Rd2 c5 36.c3 Rd6
37.Rc2 g5 38.h3 Rh6 39.b5 axb5 40.Rb2 g4 41.h4 Rf6+ 42.Ke2 e3 43.Rxb5 Ke4
44.Rxc5 Rf2+ 45.Ke1 Ra2 46.Rc7 h5 47.Rf7 Rxa5 48.Rf4+ Kd3 49.Rd4+ Kxc3 50.Rd8 Ra2
51.Rd5 Rh2 52.Rxh5 Kd3 53.Rd5+ Ke4 54.Rg5 Kd3 55.Rd5+ Ke4 56.Rg5 Kd3 57.Rd5+ Ke4
58.Rg5 Kf3 59.Rf5+ Kxg3 60.h5 Kg2 61.Ke2 Rh3 62.Rg5 Kg3 63.Rf5 Rh1 64.Kxe3 Re1+
65.Kd2 Re6 66.Rg5 Kf3 67.Rg6 Re2+ 68.Kd3 Re7 69.Rf6+ Kg2 70.h6 g3 71.Rg6 Kf2
72.Rf6+ Kg1 73.Rg6 g2 74.Rg5 Rh7 75.Rh5 Kf2 76.Rf5+ Kg3 77.Rg5+ Kf3 78.Kd2 Rxh6  0-1

[Event "New York op"]
[Site "New York"]
[Date "1990.??.??"]
[Round "2"]
[White "Byrne, Robert E"]
[Black "Rohde, Michael A"]
[Result "1-0"]
[WhiteElo "2460"]
[BlackElo "2555"]

1.e4 c5 2.Nf3 e6 3.d4 cxd4 4.Nxd4 Nc6 5.Nc3 a6 6.g3 Nge7 7.Nb3 d6 8.Bg2 Qc7
9.f4 Na5 10.Nxa5 Qxa5 11.Be3 Nc6 12.O-O Bd7 13.Qe2 b5 14.a3 Be7 15.Rad1 Qc7
16.g4 Rb8 17.g5 Na5 18.Rd3 Nc4 19.Bc1 a5 20.Nd1 b4 21.a4 d5 22.exd5 O-O 23.dxe6 fxe6
24.Rxd7 Qxd7 25.Qxc4 Rbc8 26.Qe2 e5 27.b3 exf4 28.Bxf4 Qd4+ 29.Kh1 Rce8 30.Bc6 Rd8
31.Qxe7 Rxf4 32.Ne3 Rxf1+ 33.Nxf1 Qd1 34.Qe6+ Kh8 35.Qf5 Qd6 36.Be4 g6 37.Qxa5 Rf8
38.Qb5 Qf4 39.Bg2 Rf5 40.Qe8+ Kg7 41.Qe7+ Kh8 42.Qe3 Qd6 43.Nd2 Re5 44.Be4 Kg8
45.Kg2 Qe7 46.h4 Qd7 47.Kg3 Re7 48.Nf3 Kf8 49.Qc5 Qe6 50.Bd3 Ke8 51.Bc4 Qd7
52.Bb5  1-0

[Event "New York op"]
[Site "New York"]
[Date "1990.??.??"]
[Round "7"]
[White "Fishbein, Alexander"]
[Black "Sokolov, Andrei"]
[Result "1/2-1/2"]
[WhiteElo "2470"]
[BlackElo "2585"]

1.e4 c5 2.Nf3 e6 3.d4 cxd4 4.Nxd4 Nc6 5.Nc3 a6 6.Be2 d6 7.O-O Nf6 8.Bg5 Be7
9.f4 O-O 10.a4 Qc7 11.Kh1 Re8 12.Bf3 Nxd4 13.Qxd4 e5 14.Qd2 exf4 15.Bxf4 Be6
16.Rfd1 Rad8 17.a5 h6 18.Qd4 Nh7 19.e5 dxe5 20.Qxe5 Qxe5 21.Bxe5 Rxd1+ 22.Rxd1 Bc8
23.Ne4 Ng5 24.Nxg5 hxg5 25.Bd5 Bb4 26.Bc7 Re2 27.c3 Be7 28.b4 Kf8 29.Bb6 g4
30.Kg1 f5 31.Rb1 f4 32.c4 Bf5 33.Rf1 g5 34.g3 Be4  1/2-1/2

[Event "New York op"]
[Site "New York"]
[Date "1990.??.??"]
[Round "9"]
[White "Howell, James C"]
[Black "Sokolov, Andrei"]
[Result "0-1"]
[WhiteElo "2450"]
[BlackElo "2585"]

1.e4 c5 2.Nf3 e6 3.d4 cxd4 4.Nxd4 Nc6 5.Nc3 a6 6.f4 Nxd4 7.Qxd4 b5 8.Bd3 Bb7
9.b4 Qh4+ 10.Kf1 Nf6 11.Bd2 Be7 12.a4 O-O 13.axb5 axb5 14.Re1 d5 15.e5 Ne4
16.Nxe4 dxe4 17.Bxb5 Rad8 18.Qe3 f6 19.exf6 Bxf6 20.c3 g5 21.g3 gxf4 22.Qxf4 Qh3+
23.Ke2 Qh5+  0-1

[Event "NLD-ch"]
[Site "?"]
[Date "1990.??.??"]
[Round "5"]
[White "Nijboer, Friso"]
[Black "Kuijf, Marinus"]
[Result "1-0"]
[WhiteElo "2485"]
[BlackElo "2490"]

1.e4 c5 2.Nf3 e6 3.d4 cxd4 4.Nxd4 Nc6 5.Nc3 Qc7 6.Be2 a6 7.O-O Nf6 8.Kh1 Bb4
9.Qd3 Qd6 10.Nxc6 Qxd3 11.cxd3 dxc6 12.Be3 b5 13.Nb1 e5 14.h3 Be6 15.Nd2 Nd7
16.Nf3 f6 17.Rfc1 Rc8 18.d4 O-O 19.a4 Bd6 20.axb5 axb5 21.d5 cxd5 22.Rxc8 Rxc8
23.exd5 Bf5 24.Bxb5 Rb8 25.Bc6 Nf8 26.Nd2 Bd3 27.b3 Bb4 28.Ba7 Rc8 29.Nc4 Ng6
30.Ra4 Bf8 31.Bd7 Rd8 32.Be6+ Kh8 33.Bb6 Rb8 34.Bc7 Rxb3 35.d6 Nf4 36.Bf7 Be4
37.Ne3 Rb1+ 38.Kh2 Bc6 39.Ra6 Rc1 40.Bc4 Bd7 41.Ra8 Ng6 42.Bf7  1-0

[Event "Novi Sad ol (Men)"]
[Site "Novi Sad"]
[Date "1990.??.??"]
[Round "1"]
[White "Timman, Jan H"]
[Black "Illescas Cordoba, Miguel"]
[Result "1/2-1/2"]
[WhiteElo "2660"]
[BlackElo "2535"]

1.e4 c5 2.Nf3 e6 3.d4 cxd4 4.Nxd4 Nc6 5.Nc3 a6 6.Nxc6 bxc6 7.e5 Qc7 8.f4 d5
9.exd6 Bxd6 10.Qg4 f5 11.Qh5+ g6 12.Qf3 Nf6 13.Bc4 Kf7 14.Bd2 Bb7 15.O-O-O c5
16.Qe2 Rhe8 17.Rhe1 Bxf4 18.Bxe6+ Kg7 19.g3 Bxd2+ 20.Rxd2 Qc6 21.Qc4 Rad8
22.Rxd8 Rxd8 23.Qf1 Re8 24.Bc4 Rxe1+ 25.Qxe1 Qd6 26.Qe3 Ng4 27.Qe8 Bf3 28.h3 Nf2
29.Bg8 Qxg3 30.Qf7+ Kh6 31.Qxh7+ Kg5 32.Qe7+ Kh5 33.Qh7+ Kg5 34.Qe7+  1/2-1/2

[Event "Novi Sad ol (Men)"]
[Site "Novi Sad"]
[Date "1990.??.??"]
[Round "3"]
[White "Sunthornpongsathorn, Veeraphol"]
[Black "Fernandez, A."]
[Result "1-0"]
[WhiteElo "2320"]
[BlackElo "2345"]

1.e4 c5 2.Nf3 e6 3.d4 cxd4 4.Nxd4 Nc6 5.Nc3 Qc7 6.Be2 a6 7.O-O Nf6 8.Kh1 Be7
9.f4 d6 10.Bf3 O-O 11.Be3 Na5 12.Qe1 Nc4 13.Bc1 Rb8 14.b3 Na5 15.a4 b6 16.Bb2 Bb7
17.Qg3 Nc6 18.Rad1 Rfd8 19.Rfe1 Rbc8 20.Nxc6 Bxc6 21.Ne2 b5 22.axb5 axb5
23.Nd4 Ba8 24.Ra1 Ne8 25.c3 Qb6 26.b4 Bf6 27.e5 dxe5 28.fxe5 Be7 29.Ra5 Nc7
30.Rea1 Bxf3 31.Qxf3 Rd5 32.Ra7 g6 33.R7a5 Bf8 34.Rf1 Rd7 35.Qe4 Bg7 36.Bc1 Nd5
37.Nxb5 Nxc3 38.Nxc3 Rxc3 39.Ra8+ Rd8 40.Bg5 Rdc8 41.Be7 Qf2 42.Rfa1 h5 43.Bc5 Rxc5
44.bxc5 Rxa8 45.Qxa8+ Kh7 46.Rc1 Qf4 47.Re1 Bxe5 48.g3 Qf2 49.Qe4 Bc3 50.Rc1 Bd2
51.Qg2 Qe3 52.Rf1 f5 53.c6 Ba5 54.Qf3 Qc5 55.Rd1 e5 56.Qd5 Qf2  1-0

[Event "Novi Sad ol (Men)"]
[Site "Novi Sad"]
[Date "1990.??.??"]
[Round "4"]
[White "Huebner, Robert"]
[Black "Zapata, Alonso"]
[Result "1/2-1/2"]
[WhiteElo "2585"]
[BlackElo "2545"]

1.e4 c5 2.Nf3 e6 3.d4 cxd4 4.Nxd4 Nc6 5.Nc3 Qc7 6.g3 d6 7.Bg2 Nxd4 8.Qxd4 Nf6
9.O-O Bd7 10.b3 Be7 11.Bb2 O-O 12.Rac1 b5 13.Nd1 Rac8 14.Ne3 Rfd8 15.c4 Qa5
16.a3 bxc4 17.Nxc4 Qa6 18.Rfe1 Bb5 19.Ne3 Bf8 20.Rxc8 Rxc8 21.Rc1 Rxc1+ 22.Bxc1 Bc6
23.f3  1/2-1/2

[Event "Novi Sad ol (Men)"]
[Site "Novi Sad"]
[Date "1990.??.??"]
[Round "5"]
[White "Tonsingh, Orrin"]
[Black "Fernandez, A."]
[Result "1/2-1/2"]
[WhiteElo "2235"]
[BlackElo "2345"]

1.e4 c5 2.Nf3 e6 3.d4 cxd4 4.Nxd4 Nc6 5.Nc3 Qc7 6.Be3 a6 7.Bd3 Rb8 8.O-O Nf6
9.Qe2 Ne5 10.h3 d6 11.f4 Nxd3 12.cxd3 Be7 13.Rae1 O-O 14.f5 e5 15.Nf3 b5
16.Rc1 Qa5 17.g4 b4 18.Nd1 Bb7 19.Nf2 d5 20.Nxe5 dxe4 21.Nc4 exd3 22.Nxa5 dxe2
23.Rfe1 Nd5 24.Ba7 Rbd8 25.Nxb7 Rd7 26.Rxe2 Rxb7 27.Bd4 Rd7 28.Rce1 Nf4 29.Re4 Bd6
30.Rd1 Bc7 31.Bc5 Nxh3+ 32.Kg2 Rxd1 33.Nxd1 Nf4+ 34.Kf3 Rd8 35.Bxb4 h5 36.Ne3 hxg4+
37.Kxg4 Nd5 38.Nxd5 Rxd5 39.Bc3 f6 40.Re7 Bd8 41.Ra7 a5 42.a4 Kf8 43.Ra8 Ke7
44.Ra7+ Kf8 45.b3 Rd3 46.Bxa5 Bxa5 47.Rxa5 Rxb3 48.Ra7 Kg8 49.a5 Kh7 50.a6 Ra3
51.Kf4 Kh6 52.Ke4 Ra5 53.Kf4 Ra4+ 54.Ke3 Ra5 55.Ke4 Re5+ 56.Kf4 Ra5 57.Kg4 Ra4+
58.Kf3 g6 59.fxg6 Kxg6 60.Ra8 Kf5 61.a7  1/2-1/2

[Event "Novi Sad ol (Men)"]
[Site "Novi Sad"]
[Date "1990.??.??"]
[Round "6"]
[White "Ivanovic, Bozidar"]
[Black "Franzoni, Giancarlo"]
[Result "0-1"]
[WhiteElo "2520"]
[BlackElo "2455"]

1.e4 c5 2.Nf3 e6 3.d4 cxd4 4.Nxd4 Nc6 5.Nc3 Qc7 6.Be2 a6 7.O-O Nf6 8.Kh1 Nxd4
9.Qxd4 Bc5 10.Qd2 O-O 11.a3 b5 12.f4 Bb7 13.Bf3 Rad8 14.Qe1 d5 15.e5 Nd7
16.Bd2 Nb6 17.Nd1 d4 18.Bxb7 Qxb7 19.Nf2 Nc4 20.Nd3 Bb6 21.f5 exf5 22.Rxf5 Ne3
23.Bxe3 dxe3 24.Qe2 Qc6 25.h3 Rc8 26.Rc1 Rfd8 27.Rf4 h6 28.Kh2 Rd7 29.Rg4 Kh8
30.Kh1 Kg8 31.Rg3 Qc4 32.Rf1 Rc6 33.Kh2 Rdc7 34.Qf3 a5 35.Rg4 Qe6 36.Qg3 g6
37.Rf6 Qe8 38.Rgf4 Rxf6 39.Rxf6 Rc6 40.Rxc6 Qxc6 41.h4 Qxc2 42.e6 Bc7  0-1

[Event "Novi Sad ol (Men)"]
[Site "Novi Sad"]
[Date "1990.??.??"]
[Round "6"]
[White "Zapata, Alonso"]
[Black "Cooper, John Grantley"]
[Result "1/2-1/2"]
[WhiteElo "2545"]
[BlackElo "2390"]

1.e4 c5 2.Nf3 e6 3.d4 cxd4 4.Nxd4 Nc6 5.Nc3 d6 6.Be2 Nf6 7.O-O Be7 8.Be3 O-O
9.f4 e5 10.fxe5 dxe5 11.Nf5 Bxf5 12.Rxf5 g6 13.Rf1 Nd4 14.Bd3 Qd7 15.Kh1 Rac8
16.Bg5 Kg7 17.Qc1 Ng8 18.Be3 Bc5 19.Nd5 Ne6 20.Bd2 f5 21.b4 Bd4 22.c3 f4
23.Qd1 Bb6 24.a4 Nf6 25.a5 Nxd5 26.exd5 Qxd5 27.axb6 Qxd3 28.bxa7 e4 29.Qg4 e3
30.Qxe6 exd2 31.Qe7+ Rf7 32.Qe5+ Kh6 33.Rad1 f3 34.Qg3 fxg2+ 35.Qxg2 Rxf1+
36.Qxf1 Qe4+ 37.Kg1 Qg4+ 38.Kh1 Qe4+ 39.Kg1 Qg4+  1/2-1/2

[Event "Novi Sad ol (Men)"]
[Site "Novi Sad"]
[Date "1990.??.??"]
[Round "7"]
[White "Spasov, Vasil"]
[Black "Horvath, Jozsef"]
[Result "1-0"]
[WhiteElo "2495"]
[BlackElo "2540"]

1.e4 c5 2.Nf3 e6 3.d4 cxd4 4.Nxd4 Nc6 5.Nc3 Qc7 6.Be2 a6 7.O-O Nf6 8.Be3 Be7
9.f4 d6 10.a4 O-O 11.Qe1 Nxd4 12.Bxd4 e5 13.Be3 exf4 14.Bxf4 Be6 15.Qg3 Nd7
16.Nd5 Bxd5 17.Bh6 Qb6+ 18.Kh1 Qxb2 19.c3 g6 20.exd5 Qxe2 21.Rfe1 Qb2 22.Rab1 Qa2
23.Rxb7 Qc4 24.Rb4 Qxd5 25.Rxe7 Rfe8 26.Re1 Qd3 27.Bf4 Nc5 28.Kg1 Qc2 29.Rf1 Ne4
30.Qf3 Ra7 31.Be3 Rc7 32.Kh1 a5 33.Rc4 Rce7 34.Bd4 f5 35.Qd1 Qa2 36.Rc6 Qd5
37.Rb6 Nd2 38.Qxd2 Re2 39.Qg5 Re1 40.Rb1  1-0

[Event "Novi Sad ol (Men)"]
[Site "Novi Sad"]
[Date "1990.??.??"]
[Round "9"]
[White "Cheah, Eric"]
[Black "Pineda, Boris"]
[Result "0-1"]
[WhiteElo "2270"]
[BlackElo "2225"]

1.e4 c5 2.Nf3 e6 3.d4 cxd4 4.Nxd4 Nc6 5.Nc3 Qc7 6.Be2 a6 7.O-O Nf6 8.Nxc6 bxc6
9.f4 d5 10.Bd3 Be7 11.Qf3 O-O 12.f5 dxe4 13.Nxe4 exf5 14.Ng3 g6 15.Bh6 Re8
16.Kh1 Ng4 17.Bf4 Bd6 18.Bxd6 Qxd6 19.Rad1 Re3 20.Bc4 Qc7 21.Qf4 Qxf4 22.Rd8+ Kg7
23.Rxf4 Ne5 24.Bf1 Re1 25.Kg1 Bb7 26.Rxa8 Bxa8 27.Ra4 Bb7 28.Ra5 f4 29.Ne2 Nc4
30.Ra4 Ne3 31.Rxf4 Nxf1 32.Kf2 Ra1 33.Nc3 Nxh2 34.Kg3 Nf1+ 35.Kf2 h5 36.Ne4 Bc8
37.Nd6 Be6 38.Ra4 Rd1 39.Ne4 Nh2 40.Rxa6 Ng4+ 41.Kg3 Rd4 42.Ng5 h4+ 43.Kh3 Bf5
44.Ra7 Ne5+ 45.Kh2 Rd2 46.Re7 Ng4+ 47.Kh3 Kf6 48.Ne4+ Bxe4  0-1

[Event "Novi Sad ol (Men)"]
[Site "Novi Sad"]
[Date "1990.??.??"]
[Round "10"]
[White "Seitaj, Ilir"]
[Black "Pyhala, Antti"]
[Result "1-0"]
[WhiteElo "2365"]
[BlackElo "2395"]

1.e4 c5 2.Nf3 e6 3.d4 cxd4 4.Nxd4 Nc6 5.Nc3 Qc7 6.Be2 a6 7.O-O Nf6 8.Kh1 Nxd4
9.Qxd4 Bc5 10.Qd3 h5 11.f4 Ng4 12.e5 d5 13.exd6 Qxd6 14.Qxd6 Bxd6 15.Ne4 Be7
16.Nf2 Nf6 17.Bf3 Bc5 18.Nd3 Bd4 19.Bd2 Ng4 20.Rae1 f5 21.Bb4 Bd7 22.Bc5 Bf6
23.Bxb7 Rb8 24.Bxa6 Kf7 25.Ba3 Bd4 26.c3 Be3 27.Bc5 Bxc5 28.Nxc5 Bc6 29.b4 Bd5
30.c4 Ba8 31.a3 Rbd8 32.Nxe6 Rd3 33.c5 Rxa3 34.b5 Bd5 35.Ng5+ Kf8 36.Ra1 Rc3
37.Rfc1 Rd3 38.c6 Rd2 39.Nf3 Bxf3 40.gxf3 Nf2+ 41.Kg2 Nd3+ 42.Kg1 Kf7 43.c7 Rh6
44.Rc6  1-0

[Event "Novi Sad ol (Men)"]
[Site "Novi Sad"]
[Date "1990.??.??"]
[Round "10"]
[White "Hernandez, Gilberto"]
[Black "Pritchett, Craig William"]
[Result "1/2-1/2"]
[WhiteElo "2530"]
[BlackElo "2355"]

1.e4 c5 2.Nf3 e6 3.Nc3 Nc6 4.d4 cxd4 5.Nxd4 Qc7 6.g3 a6 7.Bg2 Nf6 8.O-O d6
9.Nxc6 bxc6 10.Na4 Rb8 11.c4 c5 12.Nc3 Be7 13.f4 Nd7 14.Qd3 O-O 15.g4 Bf6
16.Rf2 Bd4 17.Be3 Bxe3 18.Qxe3 Bb7 19.g5 Rbe8 20.Rd1 Nb6 21.Qd3 Rd8 22.f5 exf5
23.exf5 Bxg2 24.Rxg2 Rfe8 25.a4 a5 26.Rg3 Re5 27.g6 hxg6 28.fxg6 fxg6 29.Qxg6 Qf7
30.b3 Qxg6 31.Rxg6 Nc8 32.Rg3 Rde8 33.Nd5 Re1+ 34.Rxe1 Rxe1+ 35.Kf2 Re6 36.Rf3 Ne7
37.Nc7 Rh6 38.h3 Nc6 39.Nb5 Ne5 40.Re3 Rf6+ 41.Kg2 Ng6  1/2-1/2

[Event "Novi Sad ol (Men)"]
[Site "Novi Sad"]
[Date "1990.??.??"]
[Round "13"]
[White "Fernandez Garcia, Jose L"]
[Black "Ardiansyah, Haji"]
[Result "0-1"]
[WhiteElo "2500"]
[BlackElo "2450"]

1.e4 c5 2.Nf3 Nc6 3.Nc3 e6 4.d4 cxd4 5.Nxd4 Qc7 6.g3 a6 7.Bg2 Bb4 8.O-O Nge7
9.Nce2 O-O 10.a3 Bc5 11.c4 d6 12.Be3 Ne5 13.b3 Ng4 14.Bc1 e5 15.Nc2 Qb6 16.b4 Bxf2+
17.Kh1 f5 18.h3 fxe4 19.hxg4 Bxg4 20.Bxe4 d5 21.cxd5 Nf5 22.Kg2 Nxg3 23.Be3 Bxe3
24.Kxg3 Bxe2 25.Qxe2 Bf4+ 26.Kg2 Qh6 27.Kg1 Rac8 28.Rf3 Qh4 29.Qg2 Bh2+ 30.Qxh2 Qxe4
31.Rxf8+ Kxf8 32.Qf2+ Kg8 33.Ne3 Rf8 34.Qd2 Rf3 35.Re1 Rg3+ 36.Kf1 Rh3 37.Ng2 Rh1+
38.Kf2 Qf5+ 39.Ke2 Rh2 40.Rg1 Qg4+ 41.Kf2 Rh3 42.Ne1 Qf5+ 43.Ke2 Qe4+ 44.Kf1 Qc4+
45.Qe2 Qxd5 46.Rxg7+ Kh8 47.Rg5 Rh1+ 48.Kf2 Qd4+ 49.Qe3 Rf1+  0-1

[Event "Novi Sad ol (Men)"]
[Site "Novi Sad"]
[Date "1990.??.??"]
[Round "13"]
[White "Rahman, Jamilur"]
[Black "Teo Kok Siong"]
[Result "0-1"]
[WhiteElo "2220"]
[BlackElo "2355"]

1.e4 c5 2.Nc3 e6 3.Nf3 Nc6 4.d4 cxd4 5.Nxd4 Qc7 6.Be3 Nf6 7.Be2 Bb4 8.Nxc6 Qxc6
9.O-O Nxe4 10.Nxe4 Qxe4 11.c4 Be7 12.Bd3 Qc6 13.Rc1 d6 14.f4 Bd7 15.Rf2 a5
16.Qg4 Bf6 17.b3 h5 18.Qe2 Kf8 19.Rd1 Qc7 20.Bc1 Bd4 21.Be3 Bc5 22.Bxc5 Qxc5
23.Qb2 Rh6 24.Kh1 h4 25.h3 Bc6 26.a3 Qe3 27.Kh2 Rf6 28.f5 exf5 29.Qc2 f4
30.Rg1  0-1

[Event "Novi Sad ol (Men)"]
[Site "Novi Sad"]
[Date "1990.??.??"]
[Round "14"]
[White "Kristiansen, Jens"]
[Black "Horvath, Jozsef"]
[Result "1/2-1/2"]
[WhiteElo "2445"]
[BlackElo "2540"]

1.e4 c5 2.Nf3 e6 3.d4 cxd4 4.Nxd4 Nc6 5.Nc3 Qc7 6.Be2 a6 7.O-O Nf6 8.Kh1 Be7
9.f4 d6 10.Bf3 O-O 11.a4 Rb8 12.Be3 Re8 13.Qd2 Bd7 14.Qf2 Bf8 15.g4 e5 16.Nf5 Be6
17.g5 Nd7 18.Nh6+ gxh6 19.f5 Bc4 20.Rg1 Ne7 21.gxh6+ Kh8 22.Rg2 d5 23.Rag1 d4
24.Qg3 Ng6 25.fxg6 fxg6 26.Bxd4 Bxh6 27.Nd5 Bxd5 28.exd5 Bg7 29.Bc3 Qc4 30.Qh3 Nf8
31.Rg4 e4 32.Bxg7+ Kxg7 33.Qh4 Qxd5 34.Bxe4 Qd6 35.Qf2 Re7 36.Rf1 Rbe8 37.Bg2 Nd7
38.Qd4+ Qxd4 39.Rxd4 Nc5 40.Bf3 Rf8 41.Kg2 Ne6  1/2-1/2

[Event "Novi Sad ol (Men)"]
[Site "Novi Sad"]
[Date "1990.??.??"]
[Round "14"]
[White "Solomon, Stephen J"]
[Black "Meulders, Richard"]
[Result "0-1"]
[WhiteElo "2440"]
[BlackElo "2315"]

1.e4 c5 2.Nf3 Nc6 3.d4 cxd4 4.Nxd4 e6 5.Nc3 Qc7 6.Be2 a6 7.O-O Nf6 8.Kh1 Nxd4
9.Qxd4 Bc5 10.Qd3 b5 11.f4 Bb7 12.Bf3 O-O 13.e5 Ne8 14.Bxb7 Qxb7 15.Ne4 Be7
16.f5 f6 17.fxe6 dxe6 18.exf6 Nxf6 19.Ng5 Ne4 20.Nf3 Rad8 21.Qe2 Qd5 22.Be3 Qh5
23.Kg1 Bd6 24.Rae1 Bc7 25.c3 Rd5 26.Bc1 Bb6+ 27.Be3 Bc7 28.Bc1 Bb6+ 29.Be3 Bc7
30.c4 Rdf5 31.cxb5 axb5 32.Bd4 Ng5 33.Kh1 Bg3 34.Rd1 Bxh2 35.g4 Qxg4 36.Qxh2 Nxf3
37.Rxf3 Qxf3+ 38.Qg2 Rh5+ 39.Kg1 Qxd1+  0-1

[Event "Novi Sad ol (Men)"]
[Site "Novi Sad"]
[Date "1990.??.??"]
[Round "14"]
[White "De Castro, Edgar"]
[Black "Pineda, Boris"]
[Result "0-1"]
[WhiteElo "2385"]
[BlackElo "2225"]

1.e4 c5 2.Nf3 e6 3.d4 cxd4 4.Nxd4 Nc6 5.Nc3 Qc7 6.Be3 a6 7.Be2 Nf6 8.O-O d6
9.f4 Be7 10.Qe1 O-O 11.Qg3 Bd7 12.f5 Nxd4 13.Bxd4 e5 14.Be3 Kh8 15.Qf2 b5
16.a3 Bc6 17.Bf3 a5 18.Bg5 b4 19.Bxf6 Bxf6 20.Nd5 Bxd5 21.exd5 e4 22.Bxe4 Bxb2
23.Rab1 bxa3 24.f6 Qa7 25.fxg7+ Kxg7 26.Bd3 Bd4  0-1

[Event "Oakham"]
[Site "Oakham"]
[Date "1990.??.??"]
[Round "?"]
[White "Piper, Matthew"]
[Black "Iosif, Cristina S"]
[Result "1-0"]
[WhiteElo "2305"]
[BlackElo "2220"]

1.e4 c5 2.Nf3 e6 3.d4 cxd4 4.Nxd4 Nc6 5.Nc3 Qc7 6.Be2 Nf6 7.O-O a6 8.a4 Be7
9.Be3 O-O 10.Kh1 d6 11.f4 Rd8 12.Qe1 Nxd4 13.Bxd4 e5 14.Be3 exf4 15.Bxf4 Be6
16.Qg3 Nd7 17.Bg4 Ne5 18.Bf5 g6 19.Rad1 Bf6 20.Bh6 Qe7 21.Bxe6 fxe6 22.Qf4 Rf8
23.Bxf8 Rxf8 24.Na2 Bg7 25.Qg3 Rc8 26.Rf2 Rc4 27.Nc3 Nf7 28.Qd3 Qc7 29.Rdf1 Nd8
30.Rf3 Qc6 31.h3 b5 32.axb5 axb5 33.Qe3 b4 34.Qg5 Qd7 35.Qb5 Qxb5 36.Nxb5 Rxc2
37.R3f2 Rxb2 38.Rxb2 Bxb2 39.Rb1 Be5 40.Rxb4 Kf7 41.Ra4 Kf6 42.Ra7 h5 43.Rd7 Nf7
44.Nc7 g5 45.Ne8+ Kg6 46.Re7 Nd8 47.g4 hxg4 48.hxg4 Bf6 49.Rd7 Nf7 50.Nc7 Ne5
51.Rxd6 Nxg4 52.Rxe6 Kf7 53.Kg2 Be5 54.Rc6 Nf6 55.Kf3 g4+ 56.Ke3 g3 57.Ne6 Ke7
58.Nf4 Bb8 59.Kf3 Kf7 60.Rb6 Be5 61.Rb7+ Ke8 62.Ne2 Kf8 63.Rb4 Bd6 64.Rd4  1-0

[Event "Orange op"]
[Site "Orange"]
[Date "1990.??.??"]
[Round "2"]
[White "Bolleman, Jean Pierre"]
[Black "Pira, Davoud"]
[Result "0-1"]
[WhiteElo "1880"]
[BlackElo "2345"]

1.e4 c5 2.Nf3 e6 3.d4 cxd4 4.Nxd4 Nc6 5.Nc3 Qc7 6.Be2 a6 7.O-O Nf6 8.a4 Bb4
9.Nxc6 bxc6 10.Bd3 d5 11.exd5 cxd5 12.Bd2 O-O 13.f4 Bb7 14.Qe2 Rfe8 15.Rae1 Qa5
16.Kh1 d4 17.Ne4 Bxe4 18.Bxe4 Bxd2 19.Bxa8 Bxe1 20.Bb7 Bd2 21.Qxa6 Rb8 22.Qc6 Bxf4
23.Bc8 Qc7  0-1

[Event "Pamplona"]
[Site "Pamplona"]
[Date "1990.??.??"]
[Round "?"]
[White "Illescas Cordoba, Miguel"]
[Black "Polgar, Judit"]
[Result "0-1"]
[WhiteElo "2535"]
[BlackElo "2540"]

1.e4 c5 2.Nf3 e6 3.d4 cxd4 4.Nxd4 Nc6 5.Nc3 Qc7 6.g3 a6 7.Bg2 d6 8.O-O Bd7
9.Re1 Be7 10.Nxc6 Bxc6 11.a4 Nf6 12.Be3 O-O 13.a5 Nd7 14.Na4 Rae8 15.Nb6 f5
16.Nxd7 Qxd7 17.Bb6 f4 18.c3 Bd8 19.Bxd8 Rxd8 20.Qg4 Qf7 21.Qxf4 Qxf4 22.gxf4 Rxf4
23.Rad1 Kf7 24.Rd3 e5 25.Rf3 g5 26.Rd1 g4 27.Re3 Ke7 28.Rd2 h5 29.c4 h4 30.Rde2 Rc8
31.Rb3 h3 32.Bh1 Bb5 33.Rc2 d5 34.exd5 Rcxc4 35.Rxc4 Rxc4 36.Rc3 Rd4 37.Rc1 e4
38.Re1 Be2 39.Bg2 Bf3 40.Bf1 Kd6 41.Rb1 Rd2 42.Re1 Rxb2 43.Rb1 Ra2 44.Ra1 Rd2
45.Ra3 Ke5 46.d6 Rd1 47.d7 Bg2 48.f4+ Kxf4 49.Kf2 Rd2+  0-1

[Event "Paris-ch"]
[Site "Paris"]
[Date "1990.??.??"]
[Round "?"]
[White "Conquest, Stuart"]
[Black "Dorfman, Josif D"]
[Result "1/2-1/2"]
[WhiteElo "2465"]
[BlackElo "2595"]

1.e4 c5 2.Nf3 e6 3.d4 cxd4 4.Nxd4 Nc6 5.Nc3 a6 6.Nxc6 bxc6 7.Bd3 d6 8.O-O Nf6
9.f4 Be7 10.Kh1 Nd7 11.b3 O-O 12.Bb2 Nc5 13.Qf3 a5 14.Be2 d5 15.Rad1 Qc7
16.Qg3 f6 17.Bf3 Bb7 18.exd5 exd5 19.Ne2 Bd6 20.Nd4 Kh8 21.Qh4 Rad8 22.Nf5 Ne4
23.Nxd6 Nxd6 24.Qf2 c5 25.c3 Ne4 26.Bxe4 dxe4 27.Ba3 Rxd1 28.Rxd1 Rd8 29.Rxd8+ Qxd8
30.h3 Qd3 31.Bxc5 Qxc3 32.Kh2 h6 33.Bd4 Qd3 34.Qe3 Qc2 35.Qf2 Qc6 36.Be3 a4
37.bxa4 Qxa4 38.Qd2 Kh7 39.Bc5 Qc6 40.Qe3 Ba6 41.a3 Bd3  1/2-1/2

[Event "URS-chT"]
[Site "Podolsk"]
[Date "1990.??.??"]
[Round "?"]
[White "Balashov, Yuri S"]
[Black "Sveshnikov, Evgeny"]
[Result "1/2-1/2"]
[WhiteElo "2535"]
[BlackElo "2515"]

1.e4 c5 2.Nc3 e6 3.Nf3 Nc6 4.d4 cxd4 5.Nxd4 Nf6 6.g3 d5 7.exd5 Nxd5 8.Bg2 Nxc3
9.bxc3 Nxd4 10.Qxd4 Be7 11.Qxd8+ Bxd8 12.Rb1 Ba5 13.Ba3 Bxc3+ 14.Ke2 Be5
15.f4 Bc7 16.Bxb7 Bxb7 17.Rxb7 Kd7 18.Rb3  1/2-1/2

[Event "URS-chT"]
[Site "Podolsk"]
[Date "1990.??.??"]
[Round "?"]
[White "Glek, Igor V"]
[Black "Skudnov, Sergej"]
[Result "1-0"]
[WhiteElo "2535"]
[BlackElo "2330"]

1.e4 c5 2.Nf3 e6 3.d4 cxd4 4.Nxd4 Nc6 5.Nc3 d6 6.Be2 Nf6 7.O-O Be7 8.Kh1 O-O
9.f4 Qc7 10.Be3 a6 11.a4 Re8 12.Bg1 Nxd4 13.Qxd4 e5 14.Qd3 exf4 15.Rxf4 d5
16.Raf1 dxe4 17.Nxe4 Nxe4 18.Qxe4 Be6 19.Bd3 g6 20.Qf3 Bd6 21.Rh4 Be5 22.Rb4 Re7
23.Be4 Rb8 24.Ba7 Bxh2 25.Bxb8 Qxb8 26.Rxb7 Rxb7 27.Bxb7 Be5 28.Bd5 Bf5 29.Re1 Qxb2
30.g4 Be6 31.Bxe6 fxe6 32.Qe4 Bf6 33.g5 Bxg5 34.Qxe6+ Kg7 35.Qe5+ Qxe5 36.Rxe5 Bd2
37.Re7+ Kf6 38.Rxh7 Ke6 39.Kg2 a5 40.Kf3 Kd5  1-0

[Event "URS-chT"]
[Site "Podolsk"]
[Date "1990.??.??"]
[Round "?"]
[White "Klovans, Janis"]
[Black "Skudnov, Sergej"]
[Result "1/2-1/2"]
[WhiteElo "2360"]
[BlackElo "2330"]

1.e4 c5 2.Nf3 e6 3.d4 cxd4 4.Nxd4 Nc6 5.Nc3 d6 6.Be2 Nf6 7.Be3 Be7 8.O-O O-O
9.f4 a6 10.a4 Qc7 11.Kh1 Re8 12.Nb3 b6 13.Qe1 Rb8 14.Qg3 Nb4 15.Nd4 Bb7 16.Bf3 Bf8
17.Rad1 Rbc8 18.Rd2 Qb8 19.Re1 Rc4 20.Bg1 Rec8 21.e5 dxe5 22.fxe5 Bxf3 23.Qxf3  1/2-1/2

[Event "URS-chT"]
[Site "Podolsk"]
[Date "1990.??.??"]
[Round "?"]
[White "Kupreichik, Viktor D"]
[Black "Lukin, Andrei M"]
[Result "1/2-1/2"]
[WhiteElo "2490"]
[BlackElo "2465"]

1.e4 c5 2.Nf3 Nc6 3.d4 cxd4 4.Nxd4 e6 5.Nc3 a6 6.Be2 d6 7.Be3 Nf6 8.f4 Be7
9.Qd2 Bd7 10.O-O-O O-O 11.g4 Nxd4 12.Qxd4 Bc6 13.g5 Nd7 14.Rhg1 Qa5 15.Kb1 Rfe8
16.f5 Ne5 17.fxe6 fxe6 18.Bc4 Bf8 19.Rgf1 Nxc4 20.Qxc4 Rac8 21.Qb3 b5 22.a3 Qc7
23.Rf4 Bd7 24.Rdf1 Qc4 25.Qxc4 Rxc4 26.Rf7 Be7 27.b3 Rc7 28.Bd4 Bf8 29.h4 Rec8
30.h5 Bc6 31.R7f3 Be7 32.h6 e5 33.Bb6 Rb7 34.Be3 Rf8 35.Bd2 Rxf3 36.Rxf3 Bd8
37.Kb2 gxh6 38.gxh6 Rf7 39.Rd3 Rd7 40.a4 bxa4 41.b4  1/2-1/2

[Event "URS-ch (Women)"]
[Site "Podolsk"]
[Date "1990.??.??"]
[Round "3"]
[White "Erneste, Inguna"]
[Black "Janjgava, Natia"]
[Result "1-0"]
[WhiteElo "2190"]
[BlackElo "2145"]

1.e4 c5 2.Nf3 e6 3.d4 cxd4 4.Nxd4 Nc6 5.Nc3 Qc7 6.Be2 a6 7.O-O b5 8.Nxc6 Qxc6
9.Bf3 Bb7 10.Re1 Ne7 11.Bf4 Ng6 12.Bg3 Bb4 13.Re3 O-O 14.Rd3 Rfd8 15.h4 Be7
16.h5 Nh4 17.Bxh4 Bxh4 18.e5 Qb6 19.Bxb7 Qxb7 20.Qg4 Be7 21.Ne4 Rac8 22.Rg3 g6
23.Qf3 Qc6 24.c3 d6 25.hxg6 fxg6 26.exd6 Bxd6 27.Nf6+ Kf7 28.Nxh7+ Qxf3 29.Rxf3+ Ke7
30.Ng5 Rf8 31.Re3 e5 32.Rd1 Rf4 33.Rh3 Bc5 34.Rh7+ Kf6 35.Nh3 Ra4 36.Rdd7 Rf8
37.b4 Bxf2+ 38.Nxf2 Rxa2 39.Rd6+ Kg5 40.Ne4+ Kf4 41.Rh4+ Ke3 42.Nc5 Rf1+
43.Kh2 Rf4 44.Rh3+ Ke2 45.Nd3 Rf1 46.Nxe5 Raa1 47.Nxg6 Rac1 48.Rhd3  1-0

[Event "Porz op25"]
[Site "Porz"]
[Date "1990.??.??"]
[Round "?"]
[White "Womacka, Mathias"]
[Black "Saltaev, Mihail"]
[Result "1/2-1/2"]
[WhiteElo "2405"]
[BlackElo "2430"]

1.e4 c5 2.Nf3 e6 3.d4 cxd4 4.Nxd4 Nc6 5.Nc3 d6 6.Be2 Nf6 7.Be3 a6 8.f4 Bd7
9.O-O Be7 10.Qe1 b5 11.a3 O-O 12.Qg3 Qc7 13.Kh1 Nxd4 14.Bxd4 Bc6 15.Rae1 Qb7
16.Bd3 Rad8 17.Qh3 g6 18.f5 Qd7 19.Be3 Rfe8 20.Bg5  1/2-1/2